Giant despair meets hopeful : kristevan readings in adolescent fiction

Αποθηκεύτηκε σε:
Λεπτομέρειες βιβλιογραφικής εγγραφής
Κύριος συγγραφέας: Westwater, Martha
Μορφή: Βιβλίο
Γλώσσα:English
Δημοσίευση: Edmonton, Alberta : The University of Alberta Press, 2000
Θέματα:
Ετικέτες: Προσθήκη ετικέτας
Δεν υπάρχουν, Καταχωρήστε ετικέτα πρώτοι!

MARC

LEADER 00000cam a2200000 i 4500
001 1/35521
008 030512s2000 eng d
020 |a 0-88864-320-9 
035 |l 10069892 
040 |a GR-MY-UA  |b gre  |e aacr 
041 0 |a eng 
082 0 |a 823.91099283 
100 1 |a Westwater, Martha. 
245 1 0 |a Giant despair meets hopeful :  |b kristevan readings in adolescent fiction /  |c Martha Westwater 
260 |a Edmonton, Alberta :   |b The University of Alberta Press,   |c 2000 
300 |a 190 p. 
650 0 0 |a Young adult fiction, English  |x History and criticism. 
650 0 0 |a Young adult fiction, American  |x History and criticism. 
650 0 0 |a English fiction  |y 20th century  |x History and criticism. 
650 0 0 |a American fiction  |y 20th century  |x History and criticism. 
650 0 0 |a Youth  |x Books and reading  |z English-speaking countries. 
650 0 0 |a Teenagers in literature. 
650 0 0 |a Despair in literature. 
650 0 0 |a Hope in literature. 
852 |a INST  |b RHODES  |e 20030512  |h 823.91099283 WES  |p 005400020530  |q 005400020530  |t BK  |y 0 
901 |a BIBL4-2003-2 
909 |a Ρ  |b 101762 
970 |a ΚΟΥΛΑΚΙΟΤΗ  |b ΛΙΤΣΑ  |z 2003/05/12